| 000 | 00887nam a2200301Ia 4500 | ||
|---|---|---|---|
| 001 | 33381 | ||
| 003 | IT-RoPAU | ||
| 008 | 130308s9999 xx 000 0 und d | ||
| 040 | _aIT-RoPAU | ||
| 040 | _cIT-RoPAU | ||
| 041 | _aITALIANO | ||
| 100 | _aRolfo Luigi | ||
| 100 | _gCodice Aut. SPICS: 1943 | ||
| 245 | _aDon Giacomo Alberione sempre proteso in avanti | ||
| 245 | _bDon Giacomo Alberione Sempre Proteso in Avanti | ||
| 250 | _a1a ed. | ||
| 260 | _aROMA | ||
| 260 | _bEdizioni Paoline | ||
| 260 | _c1982 [1° Ed.:1982 - Ed.Ling.Originale:1982] | ||
| 300 | _a"112 p. (prefazione: no ; testo: 112)" | ||
| 500 | _aVita e Opere di Don Giacomo Alberione Famiglia Paolina Apostolato della Stampa Documenti Fotografici | ||
| 650 | _aSTUDI SU GIACOMO ALBERIONE | ||
| 650 | _eCodice materia Spics: 9902 | ||
| 942 | _cBK | ||
| 957 | _71 | ||
| 999 |
_c76249 _d76249 |
||
| 999 | _bSI | ||
| 999 | _g1 | ||